LEADER 02099nam a22005655i 4500
001 978-3-540-85146-2
003 DE-He213
005 20151204175301.0
007 cr nn 008mamaa
008 100304s2010 gw | s |||| 0|eng d
020 |a 9783540851462  |9 978-3-540-85146-2 
024 7 |a 10.1007/978-3-540-85146-2  |2 doi 
040 |d GrThAP 
050 4 |a QB1-991 
050 4 |a QB460-466 
050 4 |a QB980-991 
072 7 |a PGC  |2 bicssc 
072 7 |a SCI004000  |2 bisacsh 
072 7 |a SCI005000  |2 bisacsh 
082 0 4 |a 520  |2 23 
100 1 |a Celletti, Alessandra.  |e author. 
245 1 0 |a Stability and Chaos in Celestial Mechanics  |h [electronic resource] /  |c by Alessandra Celletti. 
264 1 |a Berlin, Heidelberg :  |b Springer Berlin Heidelberg,  |c 2010. 
300 |a XVI, 264 p. 43 illus.  |b online resource. 
336 |a text  |b txt  |2 rdacontent 
337 |a computer  |b c  |2 rdamedia 
338 |a online resource  |b cr  |2 rdacarrier 
347 |a text file  |b PDF  |2 rda 
490 1 |a Springer Praxis Books 
505 0 |a Order and chaos -- Numerical dynamical methods -- Kepler’s problem -- The three-body problem and the Lagrangian solutions -- Rotational dynamics -- Perturbation theory -- Invariant tori -- Long-time stability -- Determination of periodic orbits -- Regularization theory. 
650 0 |a Physics. 
650 0 |a Mechanics. 
650 0 |a Astronomy. 
650 0 |a Astrophysics. 
650 0 |a Cosmology. 
650 0 |a Statistical physics. 
650 0 |a Dynamical systems. 
650 1 4 |a Physics. 
650 2 4 |a Astronomy, Astrophysics and Cosmology. 
650 2 4 |a Astrophysics and Astroparticles. 
650 2 4 |a Mechanics. 
650 2 4 |a Statistical Physics, Dynamical Systems and Complexity. 
650 2 4 |a Mathematical Methods in Physics. 
710 2 |a SpringerLink (Online service) 
773 0 |t Springer eBooks 
776 0 8 |i Printed edition:  |z 9783540851455 
830 0 |a Springer Praxis Books 
856 4 0 |u http://dx.doi.org/10.1007/978-3-540-85146-2  |z Full Text via HEAL-Link 
912 |a ZDB-2-EES 
950 |a Earth and Environmental Science (Springer-11646)